GUI as a teaching aid for network programming (Record no. 9191)
[ view plain ]
| 000 -LEADER | |
|---|---|
| fixed length control field | 00517 a2200145 4500 |
| 040 ## - CATALOGING SOURCE | |
| Original cataloging agency | 0 |
| 082 ## - DEWEY DECIMAL CLASSIFICATION NUMBER | |
| Classification number | PGDIT-3 |
| 100 ## - MAIN ENTRY--PERSONAL NAME | |
| Personal name | Azeema Shaukat. |
| 9 (RLIN) | 105976 |
| 245 ## - TITLE STATEMENT | |
| Title | GUI as a teaching aid for network programming |
| Statement of responsibility, etc. | Azeema Shaukat. |
| 260 ## - PUBLICATION, DISTRIBUTION, ETC. | |
| Place of publication, distribution, etc. | Islamabad : |
| Name of publisher, distributor, etc. | NUST School of Electrical Engineering & Computer Science, |
| Date of publication, distribution, etc. | 2003. |
| 300 ## - PHYSICAL DESCRIPTION | |
| Extent | vii, 64 p. : |
| Other physical details | ill. ; |
| Dimensions | 27 cm. + |
| Accompanying material | CD-ROM |
| 500 ## - GENERAL NOTE | |
| General note | Supervisor : Mr. Nadeem Ahmad. |
| 856 ## - ELECTRONIC LOCATION AND ACCESS | |
| Uniform Resource Identifier | <a href="http://10.250.8.41:8080/xmlui/handle/123456789/31855">http://10.250.8.41:8080/xmlui/handle/123456789/31855</a> |
| 942 ## - ADDED ENTRY ELEMENTS (KOHA) | |
| Koha item type | Project Report |
| Call number prefix | PGDIT-3 AZE |
| Source of classification or shelving scheme | |
| Withdrawn status | Lost status | Damaged status | Not for loan | Permanent Location | Current Location | Total Checkouts | Full call number | Barcode | Date last seen | Price effective from | Koha item type |
|---|---|---|---|---|---|---|---|---|---|---|---|
| Central Library (CL) | Central Library (CL) | PGDIT-3 AZE | SEECSP00455 | 11/14/2012 | 11/14/2012 | Project Report |
